<?xml version="1.0" encoding="UTF-8"?>
<record
    xmlns:xsi="http://www.w3.org/2001/XMLSchema-instance"
    xsi:schemaLocation="http://www.loc.gov/MARC21/slim http://www.loc.gov/standards/marcxml/schema/MARC21slim.xsd"
    xmlns="http://www.loc.gov/MARC21/slim">

  <leader>01479nam a22002417a 4500</leader>
  <datafield tag="999" ind1=" " ind2=" ">
    <subfield code="c">6394</subfield>
    <subfield code="d">6394</subfield>
  </datafield>
  <controlfield tag="003">DO-SdBJH</controlfield>
  <controlfield tag="005">20210729164958.0</controlfield>
  <controlfield tag="008">210729b           ||||| |||| 00| 0 spa d</controlfield>
  <datafield tag="040" ind1=" " ind2=" ">
    <subfield code="a">DO-SdBJH</subfield>
    <subfield code="b">spa</subfield>
    <subfield code="c">DO-SdBJH</subfield>
  </datafield>
  <datafield tag="090" ind1=" " ind2=" ">
    <subfield code="a">TG ANMG</subfield>
    <subfield code="b">01632 2019</subfield>
  </datafield>
  <datafield tag="100" ind1="1" ind2=" ">
    <subfield code="a">Feliz Bonilla, Andry Manuel</subfield>
    <subfield code="e">sustentante</subfield>
  </datafield>
  <datafield tag="245" ind1="1" ind2="0">
    <subfield code="a">Contribuci&#xF3;n de la Armada de Rep&#xFA;blica Dominicana para el fortalecimiento de las relaciones internacionales /</subfield>
    <subfield code="c"> Andry Manuel Feliz Bonilla, Raynier Francisco Quezada Acosta, asesores Gertrudis Perera, Benjam&#xED;n Valdez Bisono</subfield>
  </datafield>
  <datafield tag="260" ind1=" " ind2=" ">
    <subfield code="a">Santo Domingo Este :</subfield>
    <subfield code="b">INSUDE, </subfield>
    <subfield code="c">2019</subfield>
  </datafield>
  <datafield tag="300" ind1=" " ind2=" ">
    <subfield code="a">XV, 40 P&#xE1;ginas</subfield>
  </datafield>
  <datafield tag="502" ind1=" " ind2=" ">
    <subfield code="a">Trabajo de grado (Licenciado en Ciencias Navales). -- Instituto Superior para la Defensa (INSUDE). Academia Naval Marina de Guerra &#x201C;Vicealmirante Cesar D&#x2019;Windt Lavandier&#x201D;, 2019</subfield>
  </datafield>
  <datafield tag="504" ind1=" " ind2=" ">
    <subfield code="a">Incluye referencias bibliogr&#xE1;ficas e &#xED;ndices</subfield>
  </datafield>
  <datafield tag="505" ind1=" " ind2=" ">
    <subfield code="a">Generalidades y conceptos de las relaciones internacionales. -- Estado actual de los tipos de relaciones internacionales de la Armada de Rep&#xFA;blica Dominicana. -- Contribuciones que fortalecen a la Armada de Rep&#xFA;blica Dominicana por su relaciones internacionales</subfield>
  </datafield>
  <datafield tag="700" ind1="1" ind2=" ">
    <subfield code="a">Quezada Acosta, Raynier Francisco </subfield>
    <subfield code="e">sustentante</subfield>
  </datafield>
  <datafield tag="700" ind1="1" ind2=" ">
    <subfield code="a"> Perera, Gertrudis</subfield>
    <subfield code="e">asesor</subfield>
  </datafield>
  <datafield tag="700" ind1="1" ind2=" ">
    <subfield code="a"> Valdez Bisono, Benjam&#xED;n</subfield>
    <subfield code="e">asesor</subfield>
  </datafield>
  <datafield tag="830" ind1=" " ind2=" ">
    <subfield code="a">INSUDE.  Academia Naval Marina de Guerra &#x201C;Vicealmirante Cesar D&#x2019;Windt Lavandier&#x201D;. Tesis y disertaciones acad&#xE9;micas</subfield>
  </datafield>
  <datafield tag="942" ind1=" " ind2=" ">
    <subfield code="2">CL</subfield>
    <subfield code="c">T</subfield>
  </datafield>
  <datafield tag="952" ind1=" " ind2=" ">
    <subfield code="0">0</subfield>
    <subfield code="1">0</subfield>
    <subfield code="2">CL</subfield>
    <subfield code="4">0</subfield>
    <subfield code="7">1</subfield>
    <subfield code="8">TG</subfield>
    <subfield code="a">BJHA</subfield>
    <subfield code="b">BJHA</subfield>
    <subfield code="d">2021-07-29</subfield>
    <subfield code="i">01632</subfield>
    <subfield code="l">0</subfield>
    <subfield code="o">TG ANMG 01632 2019</subfield>
    <subfield code="p">01632</subfield>
    <subfield code="r">2021-07-29 00:00:00</subfield>
    <subfield code="t">e.1</subfield>
    <subfield code="w">2021-07-29</subfield>
    <subfield code="y">T</subfield>
  </datafield>
</record>
